Spanish Words Quiz - Statistics

General Stats
  • This quiz has been taken 92 times
  • The average score is 11 of 15
Answer Stats
Spanish English % Correct
Casa House
96%
Leche Milk
96%
Escuela School
93%
Perro Dog
89%
Mesa Table
87%
Parque Park
84%
Avion Airplane
83%
Puerta Door
80%
Ventana Window
76%
Arbol Tree
67%
Silla Chair
65%
Viva Life
61%
Maquina Machine
55%
Bandera Flag
49%
Boda Wedding
37%
No matching quizzes found
Score Distribution
Percent of People with Each Score
Percentile by Number Answered
Your Score History
You have not taken this quiz